Rainbow Six Siege Quiz 2 - Statistics

General Stats
  • This quiz has been taken 257 times
  • The average score is 5 of 15
Answer Stats
Question Answer % Correct
In which country of the UK was Sledge born? Scotland
69%
Hibana is fluent in how many languages? 7
62%
What is Castle's first name? Miles
52%
What map was used by the RAF as a non-air training ground during WW2 Hereford Base
48%
Kanal is located in what country? Germany
47%
The map Chalet is in what mountain range? The Alps
43%
What state was Castle born in? California
36%
The map Consulate is in what country? Ivory Coast
36%
Which operator has an Ivy League degree for electrical engineering? IQ
35%
Tachanka was born in what city? Saint Petersburg
29%
What is Thermite's first name? Jordan
28%
What is the nickname of Sledge's hammer? The Caber
26%
The D-50 can do how much damage? 68
15%
How much damage can the LFP856 do? 77
14%
What is the name of Ash's breaching round gun? M120 Crem
6%
No matching quizzes found
Score Distribution
Percent of People with Each Score
Percentile by Number Answered
Your Score History
You have not taken this quiz